Frames of mind : (Record no. 128603)

MARC details
000 -LEADER
fixed length control field 00691nam a22002297a 4500
005 - DATE AND TIME OF LATEST TRANSACTION
control field 20170124110042.0
010 ## - LIBRARY OF CONGRESS CONTROL NUMBER
LC control number A-759044
020 ## - INTERNATIONAL STANDARD BOOK NUMBER
Terms of availability 00.00
035 ## - SYSTEM CONTROL NUMBER
System control number A-759044
037 ## - SOURCE OF ACQUISITION
Source of stock number/acquisition Cen Lib/Ret
040 ## - CATALOGING SOURCE
Original cataloging agency DPL
Language of cataloging EN
082 ## - DEWEY DECIMAL CLASSIFICATION NUMBER
Classification number 791.437
Item number FRA
245 ## - TITLE STATEMENT
Title Frames of mind :
Statement of responsibility, etc edited by Aruna Vasudev
Remainder of title reflections on Indian cinema /
260 ## - PUBLICATION, DISTRIBUTION, ETC. (IMPRINT)
Place of publication, distribution, etc New Delhi
Name of publisher, distributor, etc UBSPD
Date of publication, distribution, etc 1995
270 ## - ADDRESS
City New Delhi
Address 5, Ansari Road, Darya Ganj
Postal code 110002
300 ## - PHYSICAL DESCRIPTION
Extent xii,324p.:
Dimensions 22cm(Hb)
Other physical details ill.
500 ## - GENERAL NOTE
General note Includes index<br/>
650 ## - SUBJECT ADDED ENTRY--TOPICAL TERM
Topical term or geographic name as entry element Motion picture industry
9 (RLIN) 23817
650 ## - SUBJECT ADDED ENTRY--TOPICAL TERM
Topical term or geographic name as entry element Motion pictures
9 (RLIN) 109728
700 ## - ADDED ENTRY--PERSONAL NAME
Personal name Vasudev, Aruna
9 (RLIN) 23887
942 ## - ADDED ENTRY ELEMENTS (KOHA)
Source of classification or shelving scheme Dewey Decimal Classification
Koha item type English Books
Classification part 791.437
Call number suffix FRA
Holdings
Withdrawn status Lost status Damaged status Not for loan Home library Current library Date acquired Source of acquisition Cost, normal purchase price Total Checkouts Full call number Barcode Date last seen Copy number Cost, replacement price Price effective from Koha item type
        Central Library Central Library 03/07/2015 Cen Lib/Ret 0.00   791.437 FRA A-759044 03/07/2015 1 0.00 03/07/2015 English Books

© Delhi Public Library
Hit Counter
free hit counter